=LDR 00000nam 2200000 4500 =001 INLIS000000000047856 =005 20201208093716 =035 ##$$a 0010-021600000000245 =008 201208################g##########0#ind## =040 ##$$a NPBDMAT =082 ##$$a 321.05 =090 ##$$a 321.05 $b Bik b =245 ##$$a Bikameral Bukan Federal /$c Agus Haryadi... [et al] =260 ##$$a Jakarta :$b Kelompok DPD di MPR RI,$c 2006 =300 ##$$a 256 hlm ; $c 22 x 15 cm =650 #4$$a Politik =700 #$$a Agus Haryadi =084 ##$$a 321.05 BIK b =250 ##$$a Cet. 1 =504 ##$$a Biografi : hlm. 249-250 =520 ##$$a Indeks hlm. 251-256 =990 ##$$a 31500506 =990 ##$$a 31500507 =990 ##$$a 31500503 =990 ##$$a 31200378 =990 ##$$a 31500504 =990 ##$$a 31500505 =990 ##$$a 31200379 =990 ##$$a 31200376 =990 ##$$a 1201200096 =990 ##$$a 31200377 =990 ##$$a 31500506 =990 ##$$a 31500507 =990 ##$$a 31500503 =990 ##$$a 31200378 =990 ##$$a 31500504 =990 ##$$a 31500505 =990 ##$$a 31200379 =990 ##$$a 31200376